000 00352nam a2200109Ia 4500
008 171211s9999 xx 000 0 und d
245 4 _aThe Routledge Handbook of Research Methods in the Study of Religion
245 _cMichael Stausberg and Steven Engler
260 _c2011
650 _xReligion
856 _uhttp://down.ebook777.com/064/0415559200.pdf
999 _c350439
_d350439